000 00292nam a2200109Ia 4500
008 200302s9999 xx 000 0 und d
100 _aT.V Ramachandra
245 _aMunicipal Water and Wastewater Treatment
260 _bThe Energy and Resources Institute
260 _c2006
300 _a264 P.,
999 _c4296
_d4296